Normal view MARC view
  • Free trade

Entry Topical Term

Number of records used in: 1

001 - CONTROL NUMBER

  • control field: 107490

003 - CONTROL NUMBER IDENTIFIER

  • control field: NUST

005 - DATE AND TIME OF LATEST TRANSACTION

  • control field: 20230124093546.0

008 - FIXED-LENGTH DATA ELEMENTS

  • fixed length control field: 230124|| aca||aabn | a|a d

040 ## - CATALOGING SOURCE

  • Original cataloging agency: NUST
  • Transcribing agency: NUST

150 ## - HEADING--TOPICAL TERM

  • Topical term or geographic name entry element: Free trade
  • Geographic subdivision: United States

670 ## - SOURCE DATA FOUND

  • Source citation: Work cat.: (NUST)0: Krist, William. 107489, Globalization and America's trade agreements /
© 2023 Central Library, National University of Sciences and Technology. All Rights Reserved.